| 000 | 00687nam a2200229 u 4500 | ||
|---|---|---|---|
| 005 | 20240831063740.0 | ||
| 008 | 111103s1996 r 000 0 eng d | ||
| 020 | _a8420769762 | ||
| 035 | _aUPN01000182386 | ||
| 049 | _aI | ||
| 050 | 4 |
_aPZ74.9 _bA4.7 |
|
| 100 | 1 |
_aAlonso, Manuel Luis, _d1948- _930691 |
|
| 245 | 1 | 4 |
_aLos superhéroes no lloran / _cManuel L. Alonso ; il. Javier Vázquez |
| 260 |
_aMadrid : _bAnaya, _c1996. |
||
| 300 |
_a121 p. : _bil. col. |
||
| 440 | 3 |
_aEl duende verde ; _v85 |
|
| 650 | 4 |
_aCuentos infantiles españoles _97725 |
|
| 650 | 4 |
_aHermanos y hermanas _vLiteratura infantil _98964 |
|
| 905 | _aInfantil | ||
| 999 |
_c154489 _d154489 |
||